Pokemon 1. Generation nach buchstabe P - Statistiken

Allgemein
  • Dieses Quiz wurde 23 mal gespielt
  • Das Durchschnittsergebnis liegt bei 8 aus 11
Antwortstatistiken
Antwort % Korrekt
Pikachu
100%
Pummeluff
89%
Ponita
83%
Piepi
72%
Pixi
72%
Porenta
72%
Porygon
72%
Pantimos
67%
Pinsir
67%
Paras
61%
Parasek
61%
Keine übereinstimmenden Quizze gefunden
Verteilung der Resultate
Anzahl Personen mit jedem Resultat
Perzentil nach korrekt beantworteten Fragen
Ihre Resultats-Entwicklung
Sie haben dieses Quiz noch nicht gespielt